[Event "15th ch-Euro Seniors +65"]
[Site "Eretria GRE"]
[Date "2015.04.29"]
[Round "1.1"]
[White "Vasiukov, Evgeni"]
[Black "Anguera Maestro, Jaime"]
[Result "1-0"]
[WhiteTitle "GM"]
[WhiteElo "2414"]
[BlackElo "2090"]
[WhiteFideId "4100522"]
[BlackFideId "2201577"]
[EventDate "2015.04.29"]

1. e4 d5 2. exd5 Qxd5 3. Nc3 Qd8 4. d4 c6 5. Bf4 Nf6 6. Qd2 Bf5 7. Nge2 h6 8.
Ng3 Bh7 9. Be2 e6 10. a3 Bd6 11. Bxd6 Qxd6 12. f4 Nbd7 13. O-O O-O 14. f5 exf5
15. Nxf5 Bxf5 16. Rxf5 Rae8 17. Rd1 Nb6 18. Qf4 Qxf4 19. Rxf4 Nbd5 20. Nxd5 Nxd5
21. Rf2 Re7 22. Bf3 Nf6 23. c4 Rd8 24. Rfd2 Red7 25. b4 a6 26. a4 Kf8 27. Kf2 g5
28. g3 g4 29. Bg2 Re7 30. Re2 Rde8 31. Rxe7 Rxe7 32. Re1 Rxe1 33. Kxe1 Ke7 34.
Kd2 Nd7 35. c5 f5 36. b5 axb5 37. axb5 Nb8 38. Kc3 Kd7 39. Kc4 Kc7 40. d5 cxb5+
41. Kxb5 Nd7 42. d6+ Kc8 43. Bd5 Nf8 44. Kc4 h5 45. Kd4 Kb8 46. Bf7 f4 47. Bxh5 1-0

[Event "15th ch-Euro Seniors +65"]
[Site "Eretria GRE"]
[Date "2015.04.29"]
[Round "1.2"]
[White "White, Alastair F"]
[Black "Kupreichik, Viktor D"]
[Result "0-1"]
[BlackTitle "GM"]
[WhiteElo "2070"]
[BlackElo "2373"]
[WhiteFideId "2402041"]
[BlackFideId "13500066"]
[EventDate "2015.04.29"]

1. e4 c5 2. Nf3 d6 3. d4 cxd4 4. Nxd4 Nf6 5. Nc3 Bd7 6. h3 e5 7. Ndb5 Bc6 8. Nd5
Nxd5 9. exd5 Bd7 10. c4 Bxb5 11. cxb5 Be7 12. Bd3 O-O 13. Qc2 g6 14. g4 Nd7 15.
Be3 Bg5 16. O-O Rc8 17. Qd2 Bxe3 18. fxe3 Qg5 19. Kh2 e4 20. Be2 Rc5 21. Rad1
Rfc8 22. Rc1 Nb6 23. Rxc5 Rxc5 24. Qd4 Rc2 0-1

[Event "15th ch-Euro Seniors +65"]
[Site "Eretria GRE"]
[Date "2015.04.30"]
[Round "2.1"]
[White "Grabow, Pouelsten Holm"]
[Black "Vasiukov, Evgeni"]
[Result "1/2-1/2"]
[BlackTitle "GM"]
[WhiteElo "2111"]
[BlackElo "2414"]
[WhiteFideId "1400630"]
[BlackFideId "4100522"]
[EventDate "2015.04.29"]

1. Nf3 Nf6 2. c4 c5 3. Nc3 Nc6 4. g3 g6 5. Bg2 Bg7 6. O-O O-O 7. d4 cxd4 8. Nxd4
Nxd4 9. Qxd4 d6 10. Qd3 a6 11. Be3 Bf5 12. Qd2 Rb8 13. Rac1 Qd7 14. Rfd1 Rfc8
15. Nd5 Nxd5 16. Bxd5 Be6 17. Ba7 Ra8 18. Bd4 Bxd5 19. cxd5 1/2-1/2

[Event "15th ch-Euro Seniors +65"]
[Site "Eretria GRE"]
[Date "2015.04.30"]
[Round "2.2"]
[White "Kupreichik, Viktor D"]
[Black "Morriss, Pete"]
[Result "1-0"]
[WhiteTitle "GM"]
[WhiteElo "2373"]
[BlackElo "2092"]
[WhiteFideId "13500066"]
[BlackFideId "2500230"]
[EventDate "2015.04.29"]

1. c4 Nf6 2. Nc3 e6 3. e4 e5 4. Nf3 Nc6 5. a3 a5 6. d4 exd4 7. Nxd4 d6 8. Be2
Be7 9. Ndb5 O-O 10. Bf4 Ne8 11. O-O Bf6 12. Qd2 Be6 13. Rad1 Ne5 14. c5 Bb3 15.
Rc1 dxc5 16. Qe3 c6 17. Nb1 c4 18. Nd4 Qxd4 19. Qxd4 Nf3+ 20. gxf3 Bxd4 21. Bxc4
Bxc4 22. Rxc4 Bxb2 23. Rd1 Nf6 24. Rc2 Ba1 25. Ra2 Nh5 26. Bd6 Bf6 27. Bxf8 Kxf8
28. Rc2 Nf4 29. Kf1 Ne6 30. Rc4 Ke7 31. Nc3 Be5 32. h4 Bf6 33. Ne2 c5 34. a4 b6
35. f4 Bxh4 36. Rb1 Ra6 37. f5 Nc7 38. Rc3 Bf6 39. Rcb3 Na8 40. Nf4 c4 41. Nd5+
Kd6 42. Rb5 Bd4 43. Rd1 1-0

[Event "15th ch-Euro Seniors +65"]
[Site "Eretria GRE"]
[Date "2015.04.30"]
[Round "2.3"]
[White "Archangelsky, Mikhail"]
[Black "Rooze, Jan"]
[Result "0-1"]
[WhiteTitle "IM"]
[BlackTitle "IM"]
[WhiteElo "2108"]
[BlackElo "2311"]
[WhiteFideId "4117573"]
[BlackFideId "200050"]
[EventDate "2015.04.29"]

1. d4 Nf6 2. Nf3 e6 3. e3 d5 4. Bd3 c5 5. b3 Nc6 6. Bb2 Bd6 7. O-O O-O 8. a3 b6
9. Ne5 Bb7 10. Nd2 Rc8 11. f4 Ne7 12. Qe2 Ne4 13. Nxe4 dxe4 14. Bb5 cxd4 15.
Bxd4 Nf5 16. Rad1 Qe7 17. b4 Rfd8 18. Bb2 a6 19. Ba4 a5 20. c3 Bxe5 21. fxe5 Qg5
22. Rxd8+ Rxd8 23. Bc1 axb4 24. cxb4 Nh4 25. Qf2 Nf3+ 26. Kh1 Nxe5 27. Bb2 f6
28. Bb3 Bd5 29. Rd1 Nd3 30. Qc2 Bxb3 31. Qxb3 Nf2+ 32. Kg1 Nh3+ 0-1

[Event "15th ch-Euro Seniors +65"]
[Site "Eretria GRE"]
[Date "2015.04.30"]
[Round "2.4"]
[White "Batakovs, Olegs"]
[Black "Gruzmann, Boris"]
[Result "0-1"]
[BlackTitle "FM"]
[WhiteElo "2095"]
[BlackElo "2210"]
[WhiteFideId "11600888"]
[BlackFideId "4105290"]
[EventDate "2015.04.29"]

1. e4 e5 2. Nf3 Nc6 3. Bb5 a6 4. Ba4 d6 5. c3 f5 6. exf5 Bxf5 7. d3 Nf6 8. O-O
Be7 9. Bg5 b5 10. Bc2 O-O 11. Nbd2 Qd7 12. Re1 Rae8 13. a4 h6 14. Bh4 g5 15. Bg3
Kg7 16. axb5 axb5 17. d4 exd4 18. Nxd4 Nxd4 19. cxd4 Nd5 20. Be4 Nf6 21. Rc1
Nxe4 22. Nxe4 Bd8 23. Nc3 Rxe1+ 24. Qxe1 h5 25. f3 h4 26. Bf2 h3 27. g3 Bd3 28.
Qe3 Qf5 29. Rd1 Bc4 30. Ra1 Qxf3 31. Qxf3 Rxf3 32. Ra8 Bf6 33. Ra1 d5 34. Rd1 g4
35. Nb1 Kg6 36. Na3 Bd3 37. Rc1 b4 38. Nb1 Bg5 39. Re1 Bc4 40. Rd1 Rd3 41. Re1
c6 42. Kh1 Bb3 43. Kg1 Rd1 0-1

[Event "15th ch-Euro Seniors +65"]
[Site "Eretria GRE"]
[Date "2015.05.01"]
[Round "3.1"]
[White "Gruzmann, Boris"]
[Black "Kupreichik, Viktor D"]
[Result "1/2-1/2"]
[WhiteTitle "FM"]
[BlackTitle "GM"]
[WhiteElo "2210"]
[BlackElo "2373"]
[WhiteFideId "4105290"]
[BlackFideId "13500066"]
[EventDate "2015.04.29"]

1. e4 c5 2. Nf3 d6 3. d4 cxd4 4. Nxd4 Nf6 5. Nc3 Bd7 6. f3 e5 7. Nb3 Be7 8. Be3
O-O 9. Qd2 a5 10. a4 Na6 11. Qf2 Be6 12. Bb6 Qc8 13. Bb5 d5 14. exd5 Bxd5 15.
O-O Bxb3 16. cxb3 Nc5 17. Rac1 Nxb3 18. Nd5 Nxd5 19. Rxc8 Raxc8 20. Kh1 Bb4 21.
Rd1 Nxb6 22. Qxb6 Nc5 23. g3 1/2-1/2

[Event "15th ch-Euro Seniors +65"]
[Site "Eretria GRE"]
[Date "2015.05.01"]
[Round "3.2"]
[White "Rooze, Jan"]
[Black "Schouten, Nico"]
[Result "1-0"]
[WhiteTitle "IM"]
[BlackTitle "IM"]
[WhiteElo "2311"]
[BlackElo "2197"]
[WhiteFideId "200050"]
[BlackFideId "1001108"]
[EventDate "2015.04.29"]

1. e4 e5 2. Nf3 Nc6 3. Bc4 Be7 4. O-O Nf6 5. d3 O-O 6. Re1 d6 7. a4 Bd7 8. a5 b6
9. axb6 axb6 10. Rxa8 Qxa8 11. Nc3 h6 12. Nd5 Nxd5 13. Bxd5 Bf6 14. c3 Qe8 15.
h3 Ne7 16. Bb3 Ng6 17. Nh2 Be6 18. Ng4 Bxg4 19. Qxg4 Kh7 20. g3 Qe7 21. h4 Rd8
22. Be3 Ra8 23. Bd5 Ra5 24. h5 Nf8 25. f4 Ne6 26. Rf1 exf4 27. gxf4 Nd8 28. Bb3
Rb5 29. Qd1 g6 30. hxg6+ fxg6 31. Rf2 Bg7 32. Rh2 Ne6 33. Bc4 Ra5 34. Qg4 Nf8
35. Kf2 Ra1 36. f5 Rb1 37. Kf3 c6 38. Rg2 g5 39. Bxb6 Qb7 40. Bd8 Rxb2 41. Rxb2
Qxb2 42. f6 Ng6 43. fxg7 d5 44. g8=Q+ Kxg8 45. Qe6+ Kf8 46. Qf6+ Ke8 47. Qxg6+
Kxd8 48. Qd6+ Ke8 49. Qxc6+ Ke7 50. Qc7+ 1-0

[Event "15th ch-Euro Seniors +65"]
[Site "Eretria GRE"]
[Date "2015.05.01"]
[Round "3.3"]
[White "Vasiukov, Evgeni"]
[Black "Ashby, Anthony C"]
[Result "1-0"]
[WhiteTitle "GM"]
[BlackTitle "CM"]
[WhiteElo "2414"]
[BlackElo "2129"]
[WhiteFideId "4100522"]
[BlackFideId "405302"]
[EventDate "2015.04.29"]

1. e4 c6 2. d4 d5 3. e5 Bf5 4. c4 dxc4 5. Bxc4 e6 6. Nc3 Nd7 7. h4 Nb6 8. Bb3 h6
9. g4 Bh7 10. h5 Ne7 11. f4 Ned5 12. Nf3 Qd7 13. Kf2 Be7 14. Qe2 a5 15. Ne4 a4
16. Bc2 Nb4 17. Bb1 N6d5 18. a3 Na6 19. Bc2 Nac7 20. Bd2 Kd8 21. Rae1 Kc8 22.
Qd1 Nb6 23. Nc5 Bxc5 24. dxc5 Bxc2 25. Qxc2 Nbd5 26. Re4 Qe7 27. Rc1 Kd7 28.
Rxa4 Rxa4 29. Qxa4 Ra8 30. Qb3 Ra7 31. Qd3 Nb5 32. Rc4 Ke8 33. Qh7 Qf8 34. f5 1-0

[Event "15th ch-Euro Seniors +65"]
[Site "Eretria GRE"]
[Date "2015.05.01"]
[Round "3.4"]
[White "Pushkov, Nikolai"]
[Black "Grabow, Pouelsten Holm"]
[Result "1/2-1/2"]
[WhiteTitle "GM"]
[WhiteElo "2302"]
[BlackElo "2111"]
[WhiteFideId "4117131"]
[BlackFideId "1400630"]
[EventDate "2015.04.29"]

1. d4 Nf6 2. Nf3 e6 3. c4 b6 4. g3 Ba6 5. b3 Bb4+ 6. Bd2 Be7 7. Bg2 c6 8. Bc3 d5
9. Nbd2 Nbd7 10. Qc2 Rc8 11. O-O O-O 12. Rfd1 c5 13. dxc5 Bxc5 14. Qb2 Qe7 15.
b4 Bd6 16. cxd5 Rxc3 17. Qxc3 Bxb4 18. Qb3 Bxe2 19. Rdc1 Nxd5 1/2-1/2

[Event "15th ch-Euro Seniors +65"]
[Site "Eretria GRE"]
[Date "2015.05.02"]
[Round "4.1"]
[White "Kupreichik, Viktor D"]
[Black "Rooze, Jan"]
[Result "1/2-1/2"]
[WhiteTitle "GM"]
[BlackTitle "IM"]
[WhiteElo "2373"]
[BlackElo "2311"]
[WhiteFideId "13500066"]
[BlackFideId "200050"]
[EventDate "2015.04.29"]

1. e4 c5 2. Nf3 e6 3. d4 cxd4 4. Nxd4 a6 5. Nc3 Qc7 6. f4 b5 7. Bd3 Bb7 8. Qe2
Nf6 9. Bd2 d6 10. a4 bxa4 11. Rxa4 Be7 12. O-O Nfd7 13. f5 e5 14. Nb3 Nb6 15.
Ra2 N8d7 16. Bxa6 O-O 17. Bxb7 Rxa2 18. Nxa2 Qxb7 19. Na5 Qa8 20. c4 Nf6 21. Re1
Rc8 22. b4 Nxc4 23. Nc3 Nxa5 24. Ra1 Qa7+ 25. Kh1 Qd4 26. bxa5 Rxc3 27. Bxc3
Qxc3 28. Qa2 Nxe4 29. a6 Qd4 30. a7 Nf2+ 31. Kg1 Nh3+ 32. Kh1 Nf2+ 1/2-1/2

[Event "15th ch-Euro Seniors +65"]
[Site "Eretria GRE"]
[Date "2015.05.02"]
[Round "4.2"]
[White "Pedersen, Jan Rode"]
[Black "Vasiukov, Evgeni"]
[Result "0-1"]
[BlackTitle "GM"]
[WhiteElo "2208"]
[BlackElo "2414"]
[WhiteFideId "1405144"]
[BlackFideId "4100522"]
[EventDate "2015.04.29"]

1. e4 c5 2. Nf3 Nc6 3. d4 cxd4 4. Nxd4 Qb6 5. Nb3 Nf6 6. Be3 Qc7 7. Nc3 e6 8.
Bd3 Bb4 9. Bd2 a6 10. O-O b6 11. Qe2 O-O 12. Rae1 d6 13. f4 Bxc3 14. Bxc3 e5 15.
Bc4 Bg4 16. Qe3 exf4 17. Qxf4 Ne5 18. Bd5 Rae8 19. Qg3 Nxd5 20. exd5 Bh5 21.
Bxe5 Rxe5 22. Rxe5 dxe5 23. Nd4 Rd8 24. Rf5 Rxd5 25. Rxh5 Rxd4 26. Rxe5 Rd1+ 27.
Kf2 Qxc2+ 28. Re2 Qf5+ 29. Qf3 Qxf3+ 30. Kxf3 Kf8 31. Re3 Rf1+ 32. Ke2 Rf5 33.
Ra3 a5 34. Rb3 b5 35. Re3 Rd5 36. Re4 f6 37. Re3 Re5 38. Rxe5 fxe5 39. Ke3 Ke7
40. Ke4 Ke6 0-1

[Event "15th ch-Euro Seniors +65"]
[Site "Eretria GRE"]
[Date "2015.05.02"]
[Round "4.4"]
[White "Pushkov, Nikolai"]
[Black "Stokes, Michael"]
[Result "1-0"]
[WhiteTitle "GM"]
[WhiteElo "2302"]
[BlackElo "2135"]
[WhiteFideId "4117131"]
[BlackFideId "442542"]
[EventDate "2015.04.29"]

1. d4 Nf6 2. Nf3 g6 3. c4 Bg7 4. Nc3 d6 5. e4 O-O 6. Be2 e5 7. Be3 c6 8. d5 cxd5
9. cxd5 Ng4 10. Bg5 f6 11. Bd2 f5 12. O-O Nd7 13. Ng5 Nb6 14. a4 h6 15. Ne6 Bxe6
16. dxe6 Nf6 17. Qb3 Qe7 18. a5 Nc8 19. Nd5 Nxd5 20. exd5 a6 21. Rac1 e4 22. f3
Bd4+ 23. Kh1 Qg7 24. fxe4 Bxb2 25. Bxh6 Qxh6 26. Qxb2 fxe4 27. Qxb7 Na7 28. e7
Rfe8 29. Qd7 g5 30. Bg4 1-0

[Event "15th ch-Euro Seniors +65"]
[Site "Eretria GRE"]
[Date "2015.05.03"]
[Round "5.2"]
[White "Vasiukov, Evgeni"]
[Black "Schouten, Nico"]
[Result "1-0"]
[WhiteTitle "GM"]
[BlackTitle "IM"]
[WhiteElo "2414"]
[BlackElo "2197"]
[WhiteFideId "4100522"]
[BlackFideId "1001108"]
[EventDate "2015.04.29"]

1. e4 e5 2. Nf3 Nc6 3. Bb5 a6 4. Ba4 Nf6 5. O-O Nxe4 6. d4 b5 7. Bb3 d5 8. Nxe5
Nxe5 9. dxe5 c6 10. a4 Rb8 11. axb5 axb5 12. Be3 Be7 13. c3 O-O 14. Nd2 Nxd2 15.
Qxd2 f6 16. exf6 Bxf6 17. Bc2 Qd6 18. b4 Qd7 19. f4 Qg4 20. h3 Qh5 21. Rf3 Qf7
22. g4 Bd7 23. Raf1 Bd8 24. f5 Bb6 25. Bxb6 Rxb6 26. f6 Rbb8 27. Qg5 Rfe8 28.
fxg7 1-0

[Event "15th ch-Euro Seniors +65"]
[Site "Eretria GRE"]
[Date "2015.05.03"]
[Round "5.3"]
[White "Gundersen, Helge"]
[Black "Kupreichik, Viktor D"]
[Result "0-1"]
[BlackTitle "GM"]
[WhiteElo "2154"]
[BlackElo "2373"]
[WhiteFideId "1500465"]
[BlackFideId "13500066"]
[EventDate "2015.04.29"]

1. e4 Nf6 2. Nc3 e5 3. g3 d5 4. exd5 Nxd5 5. Bg2 Nxc3 6. bxc3 Nc6 7. d3 Bc5 8.
Nf3 Bg4 9. h3 Bh5 10. Qe2 O-O 11. Be3 Qe7 12. g4 Bg6 13. Nd2 Bxe3 14. fxe3 f5
15. O-O f4 16. Nb3 Qd6 17. Qf3 e4 18. dxe4 Ne5 19. Qe2 f3 20. Bxf3 Nxf3+ 21.
Rxf3 Bxe4 22. Rf4 Rxf4 23. exf4 Qxf4 24. Qf2 Qxf2+ 25. Kxf2 Rf8+ 26. Ke3 Bxc2
27. Nc5 b6 28. Nd7 Re8+ 29. Kf4 Re7 30. Rc1 Bd3 31. Ne5 g5+ 32. Ke3 Ba6 33. Ke4
Kg7 34. Rc2 Bf1 35. Rh2 Bc4 36. a3 h6 37. h4 gxh4 38. Rxh4 Be6 39. Kf4 Re8 40.
Nc6 Rf8+ 41. Ke5 Bd7 42. Nd4 Kg6 43. c4 c5 0-1

[Event "15th ch-Euro Seniors +65"]
[Site "Eretria GRE"]
[Date "2015.05.03"]
[Round "5.4"]
[White "Strand, Kjetil"]
[Black "Pushkov, Nikolai"]
[Result "0-1"]
[BlackTitle "GM"]
[WhiteElo "2037"]
[BlackElo "2302"]
[WhiteFideId "1503111"]
[BlackFideId "4117131"]
[EventDate "2015.04.29"]

1. e4 e6 2. d4 d5 3. Nd2 Be7 4. Ngf3 Nf6 5. e5 Nfd7 6. Bd3 c5 7. c4 Nc6 8. cxd5
exd5 9. O-O cxd4 10. Re1 Nc5 11. Bb1 Bg4 12. h3 Bh5 13. Nf1 Ne4 14. Bxe4 dxe4
15. Rxe4 Qd5 16. Ng3 Bg6 17. Re1 Rd8 18. Ne2 Bf5 19. Bg5 Bxg5 20. Nxg5 h6 21.
Nf4 Qc4 22. Nxf7 Qxf7 23. e6 Qf6 24. Qb3 Qe7 25. Nd5 Rxd5 26. Qxd5 O-O 27. Re2
d3 28. Re3 Nb4 29. Qe5 Nc2 30. Rf3 Qxe6 31. Qxe6+ Bxe6 32. Rxf8+ Kxf8 33. Rd1
Bf5 34. Rd2 Ke7 35. g4 Bh7 36. f4 Be4 37. Kf2 Ke6 38. h4 Kd5 39. h5 Kd4 40. g5
Ne3 41. Ke1 Nc4 42. Rf2 0-1

[Event "15th ch-Euro Seniors +65"]
[Site "Eretria GRE"]
[Date "2015.05.04"]
[Round "6.1"]
[White "Rooze, Jan"]
[Black "Vasiukov, Evgeni"]
[Result "1/2-1/2"]
[WhiteTitle "IM"]
[BlackTitle "GM"]
[WhiteElo "2311"]
[BlackElo "2414"]
[WhiteFideId "200050"]
[BlackFideId "4100522"]
[EventDate "2015.04.29"]

1. e4 c5 2. Nf3 Nc6 3. Bb5 g6 4. Bxc6 bxc6 5. O-O Bg7 6. c3 Nf6 7. Re1 O-O 8. d4
cxd4 9. cxd4 d6 10. h3 Nd7 11. Nc3 Rb8 12. Rb1 1/2-1/2

[Event "15th ch-Euro Seniors +65"]
[Site "Eretria GRE"]
[Date "2015.05.05"]
[Round "7.1"]
[White "Vasiukov, Evgeni"]
[Black "Kupreichik, Viktor D"]
[Result "1/2-1/2"]
[WhiteTitle "GM"]
[BlackTitle "GM"]
[WhiteElo "2414"]
[BlackElo "2373"]
[WhiteFideId "4100522"]
[BlackFideId "13500066"]
[EventDate "2015.04.29"]

1. e4 c5 2. Nf3 d6 3. d4 cxd4 4. Qxd4 Bd7 5. c4 Nc6 6. Qd2 g6 7. b3 Bg7 8. Nc3
Nf6 9. Bb2 O-O 10. Be2 Qa5 11. Rb1 a6 12. a3 Rfc8 13. O-O Rab8 14. h3 Be8 15.
Rfd1 b5 16. b4 Qb6 17. cxb5 axb5 18. Rbc1 Qb7 19. Re1 Ne5 20. Nxe5 dxe5 21. Qe3
Bc6 22. Bf3 Ne8 23. Nb1 Nd6 24. Nd2 Bd7 25. h4 Be6 26. h5 Bc4 27. hxg6 hxg6 28.
Qg5 Bd3 29. Bxe5 Bxe5 30. Qxe5 Rxc1 31. Rxc1 Qa7 32. Rc5 Qxa3 33. Qxe7 Nc4 34.
Nxc4 Qc1+ 35. Kh2 Qf4+ 36. Kg1 Qc1+ 37. Kh2 Qf4+ 38. Kg1 1/2-1/2

[Event "15th ch-Euro Seniors +65"]
[Site "Eretria GRE"]
[Date "2015.05.05"]
[Round "7.2"]
[White "Pushkov, Nikolai"]
[Black "Rooze, Jan"]
[Result "0-1"]
[WhiteTitle "GM"]
[BlackTitle "IM"]
[WhiteElo "2302"]
[BlackElo "2311"]
[WhiteFideId "4117131"]
[BlackFideId "200050"]
[EventDate "2015.04.29"]

1. Nf3 c5 2. c4 Nf6 3. Nc3 e6 4. g3 b6 5. Bg2 Bb7 6. O-O Be7 7. b3 O-O 8. Bb2 a6
9. d4 cxd4 10. Nxd4 Bxg2 11. Kxg2 Qc7 12. e3 Nc6 13. f4 b5 14. cxb5 Nxd4 15.
Qxd4 axb5 16. b4 Qb7+ 17. Kh3 Rfc8 18. a3 Rc4 19. Qd3 Rac8 20. Rac1 d5 21. g4 h6
22. Ne2 Ne4 23. Kg2 Bf6 24. Bd4 R8c7 25. h3 Bxd4 26. exd4 Qc8 27. Rxc4 Rxc4 28.
f5 Qc6 29. fxe6 fxe6 30. Qf3 Rc2 31. Kg1 Ng5 32. Qf8+ Kh7 33. h4 Qc4 34. hxg5
Qxe2 0-1

[Event "15th ch-Euro Seniors +65"]
[Site "Eretria GRE"]
[Date "2015.05.05"]
[Round "7.4"]
[White "Stokes, Michael"]
[Black "Muratoglu, Salih"]
[Result "0-1"]
[WhiteElo "2135"]
[BlackElo "1960"]
[WhiteFideId "442542"]
[BlackFideId "6300570"]
[EventDate "2015.04.29"]

1. e4 c6 2. Nc3 g6 3. d4 Bg7 4. f4 d6 5. Nf3 Nf6 6. Bd3 Bg4 7. h3 Bxf3 8. Qxf3
Qb6 9. Qf2 Nfd7 10. e5 f5 11. O-O e6 12. Ne2 d5 13. b3 Na6 14. a4 Nb4 15. Rd1
O-O 16. Ba3 a5 17. c3 Nxd3 18. Rxd3 Rfc8 19. c4 Qa6 20. Rc3 dxc4 21. Rxc4 b5 22.
Rc2 b4 23. Bb2 Bf8 24. Rd1 Nb6 25. Nc1 Nd5 26. Nd3 Qb6 27. Nc5 Bxc5 28. dxc5 Qd8
29. Rd3 Rc7 30. Rcd2 Rd7 31. Qg3 Qe7 32. Bd4 Rad8 33. Qf3 Qh4 34. Bf2 Qh6 35.
Bg3 Kf7 36. Qf2 Rg8 37. Bh4 Qf8 38. Kh2 h6 39. g4 g5 40. Bg3 Kg6 41. fxg5 hxg5
42. gxf5+ exf5 43. e6 Rh7 44. Bd6 Qf6 45. e7 Re8 46. Qg2 g4 47. Re2 Kf7 48. Red2
Nxe7 49. Bxe7 Rxe7 50. Re2 Rxe2 51. Qxe2 Rxh3+ 52. Rxh3 gxh3 53. Qh5+ Ke6 54.
Qe8+ Kd5 55. Qd7+ Ke4 56. Qd6 Qb2+ 57. Kxh3 Qxb3+ 58. Kh4 Qd5 59. Kg3 Kd4 60.
Kf2 Kc4 61. Ke2 b3 62. Qb8 b2 63. Ke3 Qd3+ 64. Kf2 b1=Q 0-1

[Event "15th ch-Euro Seniors +65"]
[Site "Eretria GRE"]
[Date "2015.05.06"]
[Round "8.1"]
[White "Muratoglu, Salih"]
[Black "Rooze, Jan"]
[Result "1/2-1/2"]
[BlackTitle "IM"]
[WhiteElo "1960"]
[BlackElo "2311"]
[WhiteFideId "6300570"]
[BlackFideId "200050"]
[EventDate "2015.04.29"]

1. d4 Nf6 2. c4 c5 3. e3 g6 4. Nf3 Bg7 5. Nc3 O-O 6. Be2 cxd4 7. exd4 d5 8. O-O
Nc6 9. b3 Ne4 10. Bb2 Nxc3 11. Bxc3 dxc4 12. bxc4 Bg4 13. Rc1 Qc7 14. d5 Bxc3
15. Rxc3 Rfd8 16. h3 Bxf3 17. Bxf3 Ne5 18. Qb3 Rac8 19. Re1 b6 20. Rce3 Nxf3+
21. Rxf3 Rd7 22. Qa4 Qd6 23. Rfe3 Rdc7 24. Qb5 Rc5 25. Qb3 R8c7 26. Re4 b5 27.
cxb5 Rxd5 28. a4 e6 29. Rc4 Rxc4 30. Qxc4 Rd4 31. Qc8+ Kg7 32. Qc3 Qb4 33. Qe3
Qxa4 34. Qe5+ Kh6 35. Qe3+ g5 36. Qe5 Rf4 37. Ra1 Qc2 38. Qe3 Qb2 39. Rxa7 Qb1+
40. Kh2 Qxb5 41. Ra2 Kg6 42. Rd2 h5 43. g3 Rf5 44. Kg2 Qc6+ 45. Kg1 Rf3 46. Qd4
h4 47. Qd8 Qc3 48. gxh4 gxh4 49. Qg8+ Qg7 50. Qxg7+ Kxg7 51. Rd4 Rxh3 52. Kg2
Ra3 53. Rxh4 f5 54. Rb4 Kf6 55. Rb6 Ke5 56. Rb5+ Kf4 57. Rb4+ Kg5 58. Rb5 Rd3
59. Rb8 e5 60. Rb2 Kf4 61. Ra2 Kg4 62. Re2 e4 63. Re1 Rd4 64. Re2 Rd7 65. Re3
Kf4 66. Ra3 Rd3 67. Ra2 Rd1 68. Ra3 Rd2 69. Kf1 Rd3 70. Ra5 Kg4 71. Re5 Kf4 72.
Ra5 Rb3 73. Kg2 Rb8 74. Ra3 Rg8+ 75. Kf1 Rd8 76. Kg2 Rd2 77. Rb3 Ke5 78. Rb5+
Rd5 79. Rb8 f4 80. Re8+ Kd4 81. Rf8 Rg5+ 82. Kf1 f3 83. Rd8+ Rd5 84. Re8 Kd3 85.
Re7 Rd8 86. Ke1 Rh8 87. Rd7+ Kc4 88. Kd2 Rh1 89. Ke3 Re1+ 90. Kf4 Re2 91. Kg3
Kc3 92. Kf4 Kc2 93. Rd8 Re1 94. Rd4 e3 1/2-1/2

[Event "15th ch-Euro Seniors +65"]
[Site "Eretria GRE"]
[Date "2015.05.06"]
[Round "8.3"]
[White "Kupreichik, Viktor D"]
[Black "Zhelesny, Stanislav"]
[Result "1-0"]
[WhiteTitle "GM"]
[BlackTitle "FM"]
[WhiteElo "2373"]
[BlackElo "2118"]
[WhiteFideId "13500066"]
[BlackFideId "4115244"]
[EventDate "2015.04.29"]

1. c4 Nf6 2. Nc3 d5 3. cxd5 Nxd5 4. d4 g6 5. e4 Nb6 6. Be3 Bg7 7. Rc1 O-O 8. Nf3
Bg4 9. Be2 c6 10. O-O N8d7 11. Bg5 Nf6 12. Qd2 Be6 13. Rfd1 Bc4 14. Bxc4 Nxc4
15. Qe2 Nb6 16. a4 Rc8 17. a5 Na8 18. e5 Nd5 19. Nxd5 Qxd5 20. Bxe7 Rfe8 21. Rc5
Qd7 22. Bh4 Nc7 23. Ng5 Nd5 24. Ne4 f5 25. exf6 Qf5 26. f3 Bf8 27. Rc2 h6 28. a6
bxa6 29. Rdc1 g5 30. Bg3 Nxf6 31. Be5 Nxe4 32. fxe4 Qd7 33. Qxa6 Bg7 34. Qc4+
Kh7 35. Rf2 Re7 36. Bxg7 Kxg7 37. d5 Qd6 38. dxc6 Qe5 39. Rcf1 Rcc7 40. b4 Re6
41. b5 Qxe4 42. Qxe4 Rxe4 43. Rd2 Ree7 44. Rfd1 Kf6 45. Rd7 Ke6 46. Re1+ 1-0

[Event "15th ch-Euro Seniors +65"]
[Site "Eretria GRE"]
[Date "2015.05.06"]
[Round "8.4"]
[White "Pedersen, Jan Rode"]
[Black "Gruzmann, Boris"]
[Result "0-1"]
[BlackTitle "FM"]
[WhiteElo "2208"]
[BlackElo "2210"]
[WhiteFideId "1405144"]
[BlackFideId "4105290"]
[EventDate "2015.04.29"]

1. e4 c5 2. Nf3 d6 3. d4 cxd4 4. Nxd4 Nf6 5. Nc3 a6 6. Be2 e5 7. Nb3 Be7 8. O-O
O-O 9. Be3 Be6 10. f4 Qc7 11. Qe1 b5 12. a3 Nbd7 13. Rd1 Rac8 14. Qg3 Kh8 15.
Kh1 Bc4 16. Nc1 Qc6 17. Bd3 a5 18. Qf3 b4 19. axb4 axb4 20. N3e2 d5 21. fxe5
dxe4 22. Qg3 Nh5 23. Qh3 exd3 24. cxd3 Bd5 25. Nd4 Qg6 26. Nf5 Rce8 27. d4 Nb6
28. Bd2 Nc4 29. Kg1 Nxd2 30. Rxd2 Bg5 31. Rdf2 Bxc1 32. Rxc1 Rc8 33. Re1 Qg5 34.
g4 g6 35. Ne3 Nf4 36. Qf1 Nh5 37. Nxd5 Qxg4+ 38. Kh1 Qxd4 39. Ne7 Qh4 40. Nf5
gxf5 41. Qe2 0-1

[Event "15th ch-Euro Seniors +65"]
[Site "Eretria GRE"]
[Date "2015.05.07"]
[Round "9.2"]
[White "Rooze, Jan"]
[Black "Gruzmann, Boris"]
[Result "1-0"]
[WhiteTitle "IM"]
[BlackTitle "FM"]
[WhiteElo "2311"]
[BlackElo "2210"]
[WhiteFideId "200050"]
[BlackFideId "4105290"]
[EventDate "2015.04.29"]

1. e4 c5 2. Nf3 d6 3. Bb5+ Bd7 4. Bxd7+ Qxd7 5. c4 Nc6 6. d4 cxd4 7. Nxd4 g6 8.
b3 Bg7 9. Bb2 Nh6 10. O-O f5 11. Qd2 O-O 12. Nxc6 bxc6 13. Bxg7 Kxg7 14. Nc3
fxe4 15. Rae1 Rf5 16. Rxe4 Nf7 17. Rfe1 e5 18. R4e3 Rd8 19. Rd3 Qe7 20. Ne4 Rh5
21. Re2 Rf5 22. Qd1 Kg8 23. Red2 Qh4 24. f3 Qh6 25. Qe1 Qf8 26. Kh1 g5 27. Kg1
Qh6 28. Qd1 g4 29. fxg4 Rf4 30. Nxd6 Rxd6 31. Rxd6 Nxd6 32. Rxd6 Rd4 33. Qxd4 1-0